Best Games of 2025 - Statistics

General Stats
  • This quiz has been taken 19 times
  • The average score is 5 of 10
Answer Stats
Awards Game % Correct
462 Clair Obscur: Expedition 33
88%
22 Hollow Knight: Silksong
69%
10 Ghost of Yōtei
56%
43 Kingdom Come: Deliverance II
56%
16 Donkey Kong Bananza
50%
15 Hades II
50%
14 Death Stranding 2: On the Beach
44%
14 Blue Prince
31%
9 Dispatch
19%
7 Silent Hill f
19%
No matching quizzes found
Score Distribution
Percent of People with Each Score
Percentile by Number Answered
Your Score History
You have not taken this quiz